Into all the World: (Record no. 3286)

MARC details
000 -LEADER
fixed length control field 00533nam a2200181Ia 4500
003 - CONTROL NUMBER IDENTIFIER
control field GBCCL
005 - DATE AND TIME OF LATEST TRANSACTION
control field 20241126110451.0
008 - FIXED-LENGTH DATA ELEMENTS--GENERAL INFORMATION
fixed length control field 171124b xxu||||| |||| 00| 0 eng d
020 ## - INTERNATIONAL STANDARD BOOK NUMBER
International Standard Book Number 9781850491446
040 ## - CATALOGING SOURCE
Transcribing agency gbc
082 ## - DEWEY DECIMAL CLASSIFICATION NUMBER
Classification number 266
Item number SHI
100 ## - MAIN ENTRY--PERSONAL NAME
Personal name Shields, Norman A
9 (RLIN) 6749
245 ## - TITLE STATEMENT
Title Into all the World:
Remainder of title What the Bible teaches about mission.
Statement of responsibility, etc. Norman A. Shields
260 ## - PUBLICATION, DISTRIBUTION, ETC.
Name of publisher, distributor, etc. Bryntirion Press:
Place of publication, distribution, etc. Bryntirion,
Date of publication, distribution, etc. 1998.
300 ## - PHYSICAL DESCRIPTION
Extent 160p.;
Dimensions 20 cm.
650 ## - SUBJECT ADDED ENTRY--TOPICAL TERM
Topical term or geographic name entry element Missions
Form subdivision Biblical teaching
9 (RLIN) 6750
942 ## - ADDED ENTRY ELEMENTS (KOHA)
Edition 1ST PUB
Source of classification or shelving scheme Dewey Decimal Classification
Koha item type Books
Koha issues (borrowed), all copies 7
Holdings
Withdrawn status Lost status Source of classification or shelving scheme Damaged status Not for loan Home library Current Library Shelving location Date acquired Total checkouts Full call number Barcode Date last seen Date last checked out Copy number Price effective from Koha item type
    Dewey Decimal Classification     GRACE BIBLE COLLEGE GRACE BIBLE COLLEGE Ministry & Mission 2017-11-24 7 266 SHI 013074 2025-05-01 2024-02-27 c.1 2017-11-24 Books
© Grace Bible College Library 2025